[Event "27th Schwarzacher Open"]
[Site "Schwarzach AUT"]
[Date "2012.08.23"]
[Round "6.9"]
[White "Egle,S"]
[Black "Stephan,Ax"]
[Result "1/2-1/2"]
[WhiteElo "2214"]
[BlackElo "2188"]

1.d4 g6 2.c4 Bg7 3.Nf3 f5 4.g3 Nf6 5.Bg2 O-O 6.O-O d6 7.Nc3 Nc6 8.d5 Na5
9.Nd2 c5 10.Rb1 e5 11.dxe6 Bxe6 12.b3 d5 13.cxd5 Nxd5 14.Nxd5 Bxd5 15.Ba3 Bxg2
16.Kxg2 b6 17.Qc2  1/2-1/2

[Event "EY Boys U14 2012"]
[Site "Prague CZE"]
[Date "2012.08.24"]
[Round "8.12"]
[White "Markoja,B"]
[Black "Stremavicius,T"]
[Result "0-1"]
[WhiteElo "2070"]
[BlackElo "2195"]

1.c4 f5 2.Nf3 Nf6 3.g3 g6 4.Bg2 Bg7 5.d4 O-O 6.O-O d6 7.Nc3 Nc6 8.d5 Na5
9.Qd3 e5 10.dxe6 Bxe6 11.b3 Nc6 12.Bb2 Nd7 13.Qd2 h6 14.Rad1 Nc5 15.Nd5 Qd7
16.Bxg7 Qxg7 17.Nd4 Nxd4 18.Qxd4 Qxd4 19.Rxd4 Bxd5 20.Bxd5+ Kg7 21.e3 a5
22.g4 fxg4 23.Rxg4 Rae8 24.Rd1 Re5 25.Rdd4 Rf6 26.Rg3 Re8 27.Rf3 Rxf3 28.Bxf3 g5
29.Kg2 Ra8 30.h4 Ra6 31.hxg5 hxg5 32.Rd5 Kf6 33.Kg3 Rb6 34.Kg4 a4 35.Rf5+ Ke7
36.Rxg5 c6 37.Kf5 axb3 38.axb3 Rxb3 39.Rg7+ Kd8 40.Bg4 Rc3 41.Rg6 Kc7 42.Rg7+ Kb6
43.Rg6 Rd3 44.f4 Rxe3 45.Rxd6 Re4 46.Bf3 Rxc4 47.Ke5 Kc7 48.Rd4 Nd7+ 49.Ke4 Nf6+
50.Ke5 Rxd4 51.Kxd4 Kd6 52.Bg2 b5 53.Bf3 c5+ 54.Kd3 Nd5 55.f5 Ke5 56.f6 c4+
57.Kc2 Nxf6 58.Bc6 b4 59.Bb5 Kd4 60.Kb2 Ne4 61.Be8 Nc5 62.Bf7 Nd3+ 63.Kb1 b3
64.Bg8 Kc3 65.Bf7 Kb4 66.Bg6 Ne5 67.Bf5 c3 68.Bh7 Nc4 69.Bg6 Na3+ 70.Ka1 b2+
71.Ka2 b1=Q+ 72.Bxb1 Nxb1 73.Kxb1 Kb3 74.Ka1 Kc2  0-1

[Event "III Sarkany-Aranytiz GM"]
[Site "Budapest HUN"]
[Date "2012.08.25"]
[Round "8.3"]
[White "Kislik,E"]
[Black "Gonzalez,Be CRC"]
[Result "1/2-1/2"]
[WhiteElo "2409"]
[BlackElo "2413"]

1.d4 f5 2.c4 Nf6 3.g3 g6 4.Bg2 Bg7 5.Nf3 O-O 6.O-O d6 7.Nc3 Nc6 8.d5 Na5
9.Qa4 b6 10.Nd4 Bd7  1/2-1/2

[Event "21st Feffernitz Open"]
[Site "Feffernitz AUT"]
[Date "2012.08.25"]
[Round "8.14"]
[White "Imperor,L"]
[Black "Wawricka,A"]
[Result "1-0"]
[WhiteElo "1743"]
[BlackElo "2033"]

1.d4 f5 2.g3 g6 3.Bg2 Bg7 4.c4 Nf6 5.Nf3 O-O 6.O-O d6 7.Nc3 Re8 8.Qc2 c6
9.e4 fxe4 10.Nxe4 d5 11.Nxf6+ exf6 12.c5 Nd7 13.Bd2 Nf8 14.b4 Bf5 15.Qb3 Be4
16.Rfe1 Ne6 17.Bc3 Qc7 18.a4 f5 19.Rad1 f4 20.b5 h6 21.Qb2 Kh7 22.Nd2 Bf5
23.Nb3 Re7 24.a5 Rf8 25.a6 bxa6 26.bxc6 Bg4 27.Ra1 f3 28.Bf1 Ng5 29.Ba5 Qc8
30.Rxe7 Bh3 31.Qc1 Bg2 32.Bxg2 fxg2 33.f4 Qf5 34.Re2 Qd3 35.Qd1 Nh3+ 36.Kxg2 Qf5
37.Bc7 h5 38.Re5 Bxe5 39.Bxe5 Ng5 40.fxg5 Qe4+ 41.Kh3 Rf2 42.g4 Qg2+ 43.Kh4 Rf3
44.Qxf3 Qxf3 45.gxh5 gxh5 46.h3 Kg6 47.Re1 Qxb3 48.c7 Qf3 49.Bg3 Qf5 50.Re5 Qd7
51.Bf4 a5 52.Rxd5 Qxd5 53.c8=Q Qf3 54.Qe6+ Kg7  1-0

[Event "12th ch-Euro Seniors"]
[Site "Kaunas LTU"]
[Date "2012.08.25"]
[Round "8.10"]
[White "Kraidman,Y"]
[Black "Golcman,E"]
[Result "1/2-1/2"]
[WhiteElo "2253"]
[BlackElo "2330"]

1.d4 f5 2.c4 Nf6 3.Nf3 g6 4.g3 Bg7 5.Bg2 O-O 6.O-O d6 7.Nc3 Nc6 8.d5 Na5
9.Nd2 c5 10.Qc2 a6 11.b3 Rb8 12.a4 Bd7 13.Bb2 Qc7 14.e4 f4 15.Ne2 fxg3 16.hxg3 b5
17.axb5 axb5 18.Bc3 Nb7 19.Ra7 b4 20.Bb2 Ra8 21.Rfa1 Rxa7 22.Rxa7 Qb8 23.Ra6 Nd8
24.Nf4 Nf7 25.Nf3 Qb7 26.Ra2 Ra8 27.Rxa8+ Qxa8 28.e5 dxe5 29.Nxe5 Qa2 30.Nxf7 Kxf7
31.Ne6 Bxe6 32.dxe6+ Kxe6 33.Bd5+ Nxd5 34.Qe4+ Kf7 35.Qxd5+ Kf8 36.Qd8+ Kf7
37.Bxg7 Kxg7 38.Qxe7+ Kg8 39.Qe8+ Kg7 40.Qe5+ Kg8 41.Qd5+ Kg7  1/2-1/2

[Event "19th Graz Open 2012"]
[Site "Graz AUT"]
[Date "2012.08.26"]
[Round "2.20"]
[White "Drnovsek,N"]
[Black "Bornet,R"]
[Result "1-0"]
[WhiteElo "2107"]
[BlackElo "2030"]

1.d4 f5 2.g3 Nf6 3.Bg2 g6 4.Nf3 Bg7 5.O-O O-O 6.c4 d6 7.Nc3 a5 8.d5 Na6 9.Nd4 Nc5
10.b3 Nfe4 11.Nxe4 Nxe4 12.Bb2 Nc5 13.a3 Qe8 14.Qc2 Bd7 15.Rad1 Rb8 16.Bc3 b6
17.Rfe1 e5 18.dxe6 Nxe6 19.Bd5 Kh8 20.Qb2 Rf7 21.e4 f4 22.Nxe6 Bxe6 23.Bxg7+ Rxg7
24.e5 Bxd5 25.exd6 Qc6 26.Re7 Rg8 27.d7 Bh1 28.Qxg7+  1-0

[Event "8th Dieppe Open A 2012"]
[Site "Dieppe FRA"]
[Date "2012.08.28"]
[Round "4.9"]
[White "Grabliauskas,V"]
[Black "Le Quang,K"]
[Result "0-1"]
[WhiteElo "2345"]
[BlackElo "2273"]

1.d4 f5 2.c4 Nf6 3.g3 g6 4.Bg2 Bg7 5.Nf3 O-O 6.O-O d6 7.Nc3 c6 8.Rb1 Kh8
9.b4 Nbd7 10.c5 Qe8 11.cxd6 exd6 12.d5 cxd5 13.a4 Nb6 14.a5 Nc4 15.Nxd5 Nxd5
16.Qxd5 Be6 17.Qd3 Rd8 18.Ng5 Ne5 19.Qe3 Ba2 20.Rb2 Bg8 21.Qxa7 Nc4 22.Rc2 Qa4
23.Rxc4 Bxc4 24.Qxb7 Rb8 25.Qe7 Qxb4 26.Bf4 Qxa5 27.Bf3 Rbe8 28.Qxd6 h6 29.Nh3 g5
30.Bd2 Qd8 31.Qb4 Bxe2 32.Bxe2 Rxe2 33.Be3 f4 34.Bc5 Rfe8 35.g4 Qc8 36.f3 Rb2
37.Qa3 Ree2 38.Rf2 Rec2 39.Be7 Bd4 40.Qd6 Bxf2+ 41.Nxf2 Rb1+  0-1

[Event "Vladivostok Russian Cup 2012"]
[Site "Vladivostok RUS"]
[Date "2012.09.17"]
[Round "1.5"]
[White "Timofeev,Arty"]
[Black "Tsilidis,A"]
[Result "1-0"]
[WhiteElo "2640"]
[BlackElo "2259"]

1.d4 g6 2.c4 f5 3.Nf3 Nf6 4.g3 Bg7 5.Bg2 O-O 6.O-O d6 7.Nc3 Nc6 8.d5 Ne5
9.Nxe5 dxe5 10.c5 h6 11.Qb3 Kh8 12.Rd1 g5 13.Bd2 e4 14.Rac1 a6 15.Qa3 Ng4
16.Be1 Be5 17.Na4 Qe8 18.Bc3 Bxc3 19.Qxc3+ Nf6 20.b3 Kh7 21.Qe5 Qd8 22.d6 cxd6
23.cxd6 exd6 24.Rxd6 Nd7 25.Qd5 Rf6 26.Rxf6 Qxf6 27.Rxc8 Qa1+ 28.Bf1 Rxc8
29.Qxd7+ Kg6 30.Qxc8 Qxa2 31.Qe6+ Kg7 32.Nc5 Qd2 33.Nd7 Qd4 34.Ne5  1-0

[Event "TCh-VIE 2012"]
[Site "Ho Chi Minh City VIE"]
[Date "2012.09.26"]
[Round "9.7"]
[White "Tran Manh Tien"]
[Black "Nguyen,Phuoc Tam"]
[Result "1/2-1/2"]
[WhiteElo "2300"]
[BlackElo "2053"]

1.d4 f5 2.g3 g6 3.Bg2 Nf6 4.Nf3 Bg7 5.c4 O-O 6.O-O d6 7.Nc3 c6 8.Qc2 Na6
9.Rd1 Kh8 10.d5 cxd5 11.cxd5 Bd7 12.Be3 Qa5 13.a3 Rfc8 14.Qd2 Rc4 15.Bh6 Qc5
16.Bxg7+ Kxg7 17.Nd4 Nc7 18.b4 Qb6 19.Qd3 Qa6 20.b5 Rxd4 21.Qxd4 Nxb5 22.Nxb5 Bxb5
23.e4 fxe4 24.Bxe4 Rc8 25.Re1 Qa4 26.Qxa4 Bxa4 27.Bf3 Kf7 28.Rac1 Rxc1 29.Rxc1 Nd7
30.Be2 Nc5 31.Kg2 b5 32.Rb1 a6 33.Rb4 Bb3 34.Rf4+ Kg7 35.Rd4 Kf6 36.f4 Nd7
37.Bd1 Bc4 38.Bg4 Nb6 39.Be6 a5 40.Kf2 Ba2 41.Ke1 Nc4 42.Rd3 b4 43.axb4 axb4
44.Rd4 b3 45.Rxc4 b2  1/2-1/2

[Event "21st TCh-CRO 1a 2012"]
[Site "Sibenik CRO"]
[Date "2012.09.27"]
[Round "5.56"]
[White "Jankovic,A"]
[Black "Kovacevic,Vlat"]
[Result "1/2-1/2"]
[WhiteElo "2540"]
[BlackElo "2489"]

1.d4 f5 2.g3 Nf6 3.Bg2 g6 4.Nf3 Bg7 5.O-O O-O 6.c4 d6 7.Nc3 c6 8.Qb3 Na6
9.Rd1 Qe8 10.Qa3 Nc7 11.Ne1 Qf7 12.b3 e5 13.dxe5 dxe5 14.Nf3 e4 15.Ng5 Qe8
16.Bf4 h6 17.Bxc7 hxg5 18.Rd8 Qf7 19.Rxf8+ Bxf8 20.Bd6 Bg7 21.Rd1 Ne8 22.Na4 Nxd6
23.Nb6 axb6 24.Qxa8 Bf8 25.Rxd6 Bxd6 26.Qxc8+ Kg7 27.e3 Qe7 28.Bf1  1/2-1/2

[Event "Oslo GM Open 2012"]
[Site "Oslo NOR"]
[Date "2012.09.30"]
[Round "2.12"]
[White "Hole,O"]
[Black "Lundin,J"]
[Result "0-1"]
[WhiteElo "2366"]
[BlackElo "2245"]

1.Nf3 f5 2.c4 Nf6 3.g3 g6 4.Bg2 Bg7 5.O-O O-O 6.d4 d6 7.Nc3 c6 8.Rb1 a5 9.a3 Kh8
10.b4 axb4 11.axb4 Nbd7 12.Bb2 Nb6 13.c5 Nbd5 14.b5 Nxc3 15.Bxc3 Ne4 16.Bb2 cxb5
17.Qb3 Bd7 18.cxd6 exd6 19.e3 g5 20.d5 Qe7 21.Rfd1 Nc5 22.Bxg7+ Qxg7 23.Qb2 h6
24.Qxg7+ Kxg7 25.Nd4 Kf6 26.Nxb5 Bxb5 27.Rxb5 Ra2 28.Rb6 Ke7 29.Rb4 Rfa8
30.h4 R8a4 31.Rxa4 Rxa4 32.hxg5 hxg5 33.Rd2 b5 34.Bf1 b4 35.Bd3 Kf6 36.g4 fxg4
37.Kg2 b3 38.Bb1 Rb4 39.Kf1 Ke5 40.Ke1 Ne4 41.Rd3 Rc4 42.Rxb3 Rc1+ 43.Ke2 Rxb1  0-1

[Event "39th ch-IND Premier w 2012"]
[Site "Jalgaon IND"]
[Date "2012.10.24"]
[Round "1.3"]
[White "Ivana Maria,F"]
[Black "Mohota,N"]
[Result "1/2-1/2"]
[WhiteElo "2119"]
[BlackElo "2323"]

1.d4 f5 2.c4 Nf6 3.Nf3 g6 4.g3 Bg7 5.Bg2 O-O 6.O-O d6 7.Nc3 Nc6 8.Qb3 Kh8
9.Rd1 Ne4 10.Be3 Nxc3 11.Qxc3 Qe8 12.b4 e5 13.Qd2 Qf7 14.dxe5 Nxe5 15.Ng5 Qf6
16.Rac1 Ng4 17.Bd4 Qxd4 18.Qxd4 Bxd4 19.Rxd4 h6 20.Nh3 Nf6 21.Nf4 Kg7 22.Rc3 Bd7
23.Nd5 Ne8 24.Re3 Rf7 25.Nc3 c6 26.c5 dxc5 27.bxc5 Nf6 28.Rb4 Ng4 29.Rd3 Be6
30.h3 Nf6 31.Rd6 Re8 32.a4 Bc8 33.a5 Re5 34.Na4 Rxe2 35.a6 Re1+ 36.Kh2 Rc7
37.Nb6 bxa6 38.Nxc8 Re8 39.Nxa7 Rxa7 40.Rxc6 Nd7 41.Rd6 a5  1/2-1/2

[Event "TCh-NED Meesterklasse 2012-13"]
[Site "Netherland NED"]
[Date "2012.11.03"]
[Round "3.8"]
[White "Trella,T"]
[Black "Van Dongen,C1"]
[Result "1-0"]
[WhiteElo "2401"]
[BlackElo "2356"]

1.c4 f5 2.Nf3 Nf6 3.g3 g6 4.Bg2 Bg7 5.O-O O-O 6.d4 d6 7.b3 Nc6 8.Bb2 e5 9.dxe5 Ng4
10.Nc3 Ncxe5 11.e3 g5 12.Nxe5 dxe5 13.Ba3 Re8 14.Qxd8 Rxd8 15.Rad1 Rxd1 16.Rxd1 c6
17.Rd8+ Kf7 18.e4 f4 19.Bh3 h5 20.f3 fxg3 21.hxg3  1-0

[Event "TCh-AUT 2012-13"]
[Site "Hohenems AUT"]
[Date "2012.11.04"]
[Round "3.6"]
[White "Kessler,L"]
[Black "Knoll,H"]
[Result "0-1"]
[WhiteElo "2234"]
[BlackElo "2318"]

1.d4 f5 2.c4 Nf6 3.Nf3 g6 4.g3 Bg7 5.Bg2 O-O 6.O-O d6 7.Nc3 Qe8 8.d5 a5 9.Rb1 Na6
10.b3 h6 11.Bb2 g5 12.Nd4 Qg6 13.e3 Bd7 14.Qc2 Nb4 15.Qe2 Ne4 16.a3 Na6 17.Qc2 Nf6
18.Ba1 Nc5 19.Ncb5 Rfc8 20.b4 axb4 21.axb4 Na4 22.Rfc1 c6 23.dxc6 bxc6 24.Nc3 Nxc3
25.Bxc3 Ne4 26.Bb2 Rab8 27.Ba3 Rc7 28.Ne2 Ra7 29.Qd3 Nd2 30.Qxd2 Rxa3 31.Nd4 Qe8
32.Qc2 f4 33.Nf5 Qf7 34.Nxg7 fxe3 35.fxe3 Qxg7 36.Qe4 Qh7 37.Qxh7+ Kxh7 38.b5 cxb5
39.cxb5 Rxb5 40.Rxb5 Bxb5 41.Re1 Kg7 42.Bf3 Kf6 43.h4 Ke5 44.hxg5 hxg5 45.Kf2 Ra2+
46.Kg1 Bd3 47.Bh5 Be4 48.Be2 Rb2 49.Kf1 d5 50.Ra1 Rb6 51.Ra6 Rb1+ 52.Kf2 e6
53.Bg4 Rb2+ 54.Ke1 Bf5 55.Bf3 Rh2 56.Ra4 Bd3 57.Rb4 Bc4 58.Ra4 Rh6 59.Kf2 Kd6
60.Kg2 Rf6 61.Bg4 e5 62.Ra7 Bd3 63.Ra5 Rh6 64.Bf5 e4 65.Bg4 Ke5 66.Ra8 Rg6
67.Rb8 Bc4 68.Rd8 Rb6 69.Rf8 Rb2+ 70.Kg1 Rb1+ 71.Kg2 Re1 72.Re8+ Kd6 73.Kf2 Ra1
74.Rg8 Kc5 75.Rxg5 Kb4 76.Rg7 Kc3 77.Rd7 Kd2 78.Be6 Rf1+ 79.Kg2 Kxe3 80.Bxd5 Rf2+
81.Kg1 Bd3 82.Re7 Rb2 83.g4 Kf3 84.g5 Kg3 85.Rb7 Rxb7 86.Bxb7 e3  0-1

[Event "TCh-AUT 2012-13"]
[Site "Hohenems AUT"]
[Date "2012.11.04"]
[Round "3.4"]
[White "Froewis,G"]
[Black "Moser,Gue"]
[Result "1/2-1/2"]
[WhiteElo "2399"]
[BlackElo "2356"]

1.d4 f5 2.c4 Nf6 3.Nf3 g6 4.g3 Bg7 5.Bg2 O-O 6.O-O d6 7.Nc3 Nc6 8.d5 Ne5
9.Nxe5 dxe5 10.c5 Kh8 11.Qb3 Rb8 12.Rd1 a6 13.Bd2 Bd7 14.Qa3 Qe8 15.d6 exd6
16.cxd6 cxd6 17.Be3 h6 18.Rxd6 Qf7 19.Rad1 Be6 20.Ba7 Rbc8 21.Bc5 e4 22.f3 exf3
23.Bxf3 Rfe8 24.Rb6 Rxc5 25.Qxc5 Nd7 26.Qc7 Nxb6 27.Qxb6 Re7 28.a3 Kh7 29.Kg2 Be5
30.Qc5 Qg7 31.Nd5 Bxd5 32.Rxd5 Bxb2 33.Rd8 h5 34.Rb8 Be5 35.Rd8 Bc7 36.Rc8 Qe5
37.Qc4 b5 38.Qg8+ Kh6 39.Ra8 Qg7  1/2-1/2

[Event "22nd World Seniors Open"]
[Site "Kamena Vourla GRE"]
[Date "2012.11.15"]
[Round "3.42"]
[White "Cooper,Ni"]
[Black "Kaloskambis,M"]
[Result "0-1"]
[WhiteElo "1753"]
[BlackElo "2032"]

1.d4 f5 2.g3 Nf6 3.Bg2 g6 4.Nf3 Bg7 5.O-O O-O 6.c4 d6 7.Nc3 Nc6 8.d5 Ne5
9.Nxe5 dxe5 10.e4 f4 11.gxf4 exf4 12.e5 Ng4 13.e6 Ne5 14.c5 f3 15.Bh3 b6
16.c6 Qe8 17.Kh1 g5 18.Rg1 Qh5 19.Ne4 h6 20.Nxg5 hxg5 21.Rxg5 Qxh3 22.Qg1 Qh7
23.Rxe5 Rf6 24.Rg5 Ba6 25.Bd2 Bd3 26.Rxg7+ Qxg7 27.Qxg7+ Kxg7 28.Bc3 Rh8
29.Rg1+ Bg6 30.Rg3 Rd8 31.Kg1 Rxd5 32.Bxf6+ exf6 33.Rxf3 Rd1+ 34.Kg2 Be4  0-1

[Event "WY BU16 2012"]
[Site "Maribor SLO"]
[Date "2012.11.16"]
[Round "9.26"]
[White "Brazdzionis,A"]
[Black "Papasimakopoulos,Alexandros"]
[Result "0-1"]
[WhiteElo "1922"]
[BlackElo "2156"]

1.d4 f5 2.g3 Nf6 3.Bg2 g6 4.Nf3 Bg7 5.O-O O-O 6.c4 d6 7.Nc3 c6 8.Qb3 Kh8
9.Rd1 h6 10.Qa3 Qe8 11.b4 Qf7 12.c5 Ne4 13.Bb2 Nd7 14.Nd2 Nxd2 15.Rxd2 d5
16.f4 g5 17.e3 Nf6 18.Rf1 Qh5 19.Bf3 Qg6 20.Rg2 Bd7 21.Qb3 Ne4 22.a4 b6 23.Nxe4 fxe4
24.Be2 Bh3 25.f5 Qf6 26.Ba1 g4 27.Rgf2 Bxf1 28.Rxf1 Qg5 29.Rf4 h5 30.cxb6 axb6
31.Qc2 Qf6  0-1

[Event "TCh-FIN SM 2012-13"]
[Site "Helsinki FIN"]
[Date "2012.11.18"]
[Round "7.7"]
[White "Partanen,J"]
[Black "Prieur,Ee"]
[Result "0-1"]
[WhiteElo "2229"]
[BlackElo "2154"]

1.d4 f5 2.Nf3 g6 3.g3 Bg7 4.Bg2 Nf6 5.O-O O-O 6.c4 d6 7.Nc3 Qe8 8.e4 Nxe4
9.Nxe4 fxe4 10.Ng5 Nc6 11.Be3 e5 12.d5 Nd4 13.Nxe4 Bf5 14.g4 Bxe4 15.Bxe4 b5
16.Rc1 bxc4 17.Rxc4 Qd8 18.Bg2 Rb8 19.b3 Rf7 20.f4 Qd7 21.fxe5 Rxf1+ 22.Qxf1 Rf8
23.Qd1 dxe5 24.Ra4 Nb5 25.Qd2 Rd8 26.Bxa7 Nxa7 27.Rxa7 Bf8 28.Ra4 Bc5+ 29.Kh1 Rf8
30.h3 Qe7 31.Qc1 Bb6 32.Qe1 Bf2 33.Qd1 Bb6 34.Rc4 Rf2 35.Rc2 Rf4 36.Rc6 Bd4
37.Qc1 Qh4 38.Rxc7 Rxg4 39.Rb7 Rf4 40.d6 Rf8 41.Rc7 Rf3 42.Qc4+ Kh8 43.Rc8+ Kg7
44.Rc7+ Kh6 45.Qc1+ Be3 46.Rxh7+ Kxh7  0-1

[Event "22nd World Seniors Open"]
[Site "Kamena Vourla GRE"]
[Date "2012.11.18"]
[Round "6.40"]
[White "Voon,R"]
[Black "Finlay,Ian"]
[Result "0-1"]
[WhiteElo "1949"]
[BlackElo "1902"]

1.d4 f5 2.g3 g6 3.c4 Bg7 4.Nf3 Nf6 5.Bg2 O-O 6.O-O d6 7.Nc3 e6 8.Re1 Nc6
9.b3 e5 10.d5 e4 11.Ng5 Ne5 12.Bb2 h6 13.Nh3 g5 14.f4 Nf7 15.e3 Ng4 16.Nf2 Nxf2
17.Kxf2 gxf4 18.exf4 Re8 19.Qd2 c6 20.Nd1 Bd7 21.Bxg7 Kxg7 22.Ne3 a5 23.Rad1 Qf6
24.Bh3 c5 25.Ng2 b5 26.cxb5 Bxb5 27.Nh4 Bd7 28.Re3 a4 29.b4 cxb4 30.Qxb4 Rab8
31.Qd4 Rb2+ 32.Re2 Reb8 33.Nxf5+ Bxf5 34.Bxf5 Rxe2+ 35.Kxe2 Rb2+ 36.Ke3 Rxa2
37.Bxe4 Rxh2 38.Qxf6+ Kxf6 39.Ra1 h5 40.Rxa4 Nh6 41.Ra6 Nf7 42.Kf3 Rb2 43.Rc6 Rd2
44.Ke3 Ra2 45.Bd3 Rg2 46.Kf3 Rd2 47.Be4 Ra2 48.Bc2 Ra5 49.Bb3 Rc5 50.Rb6 Kf5
51.Kg2 h4 52.gxh4 Kxf4 53.Rb4+ Kf5 54.Rd4 Ne5 55.Bd1 Rc3 56.Rd2 Nd3 57.Bc2 Rxc2
58.Rxc2 Ne1+ 59.Kg3 Nxc2 60.h5 Ne3 61.h6 Kg6 62.h7 Kxh7 63.Kf4 Nxd5+ 64.Kf5 Nc7
65.Kf6 Kh6  0-1

[Event "22nd World Seniors Open"]
[Site "Kamena Vourla GRE"]
[Date "2012.11.18"]
[Round "6.52"]
[White "Cooper,Ni"]
[Black "Lachat,Martin"]
[Result "1-0"]
[WhiteElo "1753"]
[BlackElo "1675"]

1.d4 f5 2.g3 g6 3.Bg2 Nf6 4.Nf3 Bg7 5.O-O O-O 6.c4 d6 7.Nc3 c6 8.b3 Qc7 9.Ba3 Rd8
10.Qc2 e5 11.dxe5 dxe5 12.Rad1 e4 13.Ng5 h6 14.Nh3 Be6 15.Rxd8+ Qxd8 16.Rd1 Nbd7
17.f3 Qb6+ 18.Kh1 exf3 19.exf3 Re8 20.Re1 Bf7 21.Rxe8+ Nxe8 22.Bb2 Qe3 23.Ng1 Nc5
24.Qe2 Qxe2 25.Ngxe2 Nd3 26.Ba3 c5 27.Nd5 Kf8 28.Nef4 Nf2+ 29.Kg1 Bd4 30.Kf1 Nd1
31.Ke2 Nf2 32.Ne3 g5 33.Nxf5 gxf4 34.Nxd4 Kg7 35.Bxc5  1-0

[Event "VIII Governor's Cup B"]
[Site "Khanty-Mansiysk RUS"]
[Date "2012.11.20"]
[Round "6"]
[White "Sharafutdinov,A"]
[Black "Gordeev,S"]
[Result "1/2-1/2"]
[WhiteElo "2108"]
[BlackElo "2043"]

1.Nf3 f5 2.d4 Nf6 3.g3 g6 4.Bg2 Bg7 5.O-O O-O 6.c4 d6 7.Nc3 Nc6 8.d5 Ne5
9.Nxe5 dxe5 10.e4 f4 11.gxf4 exf4 12.e5 Ng4 13.e6 Ne5 14.Re1 f3 15.Bf1 b6
16.Re4 g5 17.Qe1 Rf5 18.Bh3 Qf8 19.Qe3 h6 20.Nb5 c6 21.Nc7 cxd5 22.Nxd5 Nxc4
23.Qd3 Ne5 24.Qa3 Nc6 25.Nc7 Bb7 26.Nxa8 Bxa8 27.Be3 Na5 28.Rg4 Rb5 29.Rd1 Bxb2
30.Qd3 Rd5 31.Rd4 Bxd4 32.Bxd4 Qg7 33.Qxf3 g4 34.Bxg4 Rxd4 35.Qxa8+ Kh7 36.Rxd4 Qxd4
37.Bf5+ Kg7 38.Qg2+ Kf8 39.Qf3 Qa1+ 40.Bb1+ Qf6 41.Qxf6+ exf6 42.f4 Nc4 43.Kf2 b5
44.Bd3 Nd6 45.Ke3 Ke7 46.f5 a6 47.Kd4 Kd8 48.Kc5 Kc7 49.Kd5 Ne8 50.h4 Nd6
51.Bc2 Nc4 52.Kc5 Ne3 53.Be4 Kd8 54.Kb6 Nd1 55.Kxa6 Nc3 56.Bc6 b4 57.Ka5 Nxa2
58.Ka4 Ke7 59.Kb3 Nc3 60.Kxb4 Ne2 61.Be4 Nd4 62.Kc4 Nxe6 63.fxe6 Kxe6  1/2-1/2

[Event "Plzen Open 2012"]
[Site "Plzen CZE"]
[Date "2012.11.21"]
[Round "4"]
[White "Kalista,K"]
[Black "Chan,Na"]
[Result "1-0"]
[WhiteElo "1874"]
[BlackElo "1827"]

1.d4 f5 2.Nf3 Nf6 3.c4 g6 4.g3 Bg7 5.Bg2 O-O 6.O-O d6 7.Nc3 Qe8 8.d5 a5 9.Nb5 Na6
10.Nfd4 Rb8 11.Bd2 b6 12.Qc2 Qf7 13.Rae1 e5 14.dxe6 Bxe6 15.Nxe6 Qxe6 16.b3 Kh8
17.Bc3 Qd7 18.Bh3 Qf7 19.Rd1 Nc5 20.Bb2 Rbe8 21.Nc3 Nce4 22.Nxe4 Nxe4 23.Bg2 Bxb2
24.Qxb2+ Qf6 25.Qxf6+ Rxf6 26.e3 Rff8 27.Rd4 Nc3 28.Rd2 Re5 29.Rc1 Ne4 30.Bxe4 Rxe4
31.Rcd1 Kg7 32.Rd4 Re7 33.Kg2 a4 34.b4 Rfe8 35.b5 Kf6 36.Rb1 Re4 37.Rxe4 Rxe4
38.Rc1 Ke6 39.Kf3 Kd7 40.Ke2 c6 41.bxc6+ Kxc6 42.Kd3 Re5 43.Rb1 g5 44.f4 gxf4
45.gxf4 Re6 46.Rg1 Rh6 47.Rg2 d5 48.cxd5+ Kxd5 49.Rg5 Ke6 50.Rg2 Kd7 51.Rb2 Kc6
52.Kd4 Re6 53.Rg2 Kb5 54.Rg5 Kb4 55.Rxf5 Rd6+ 56.Rd5 Rh6 57.f5 Rxh2 58.f6 Rxa2
59.Rf5 h5 60.f7 Rd2+ 61.Ke5 Rd8 62.f8=Q+ Rxf8 63.Rxf8 a3 64.Kf4 a2 65.Ra8 Kb3
66.e4 b5 67.e5 b4 68.e6 Kb2 69.Rxa2+ Kxa2 70.e7 b3 71.e8=Q b2 72.Qa4+ Kb1
73.Kg5 Kc1 74.Qc4+ Kb1 75.Qb3 Kc1 76.Qc3+ Kb1 77.Kxh5  1-0

[Event "22nd World Seniors Open"]
[Site "Kamena Vourla GRE"]
[Date "2012.11.22"]
[Round "9.45"]
[White "Keze,A"]
[Black "Patola,E"]
[Result "0-1"]
[WhiteElo "1718"]
[BlackElo "1949"]

1.d4 f5 2.Nf3 Nf6 3.g3 g6 4.Bg2 Bg7 5.O-O O-O 6.c4 d6 7.Nc3 Qe8 8.d5 Na6
9.Rb1 h6 10.h4 Bd7 11.Nd4 c6 12.Re1 Qf7 13.f4 Rac8 14.dxc6 bxc6 15.b3 Nc5
16.Bb2 Nce4 17.Nxe4 Nxe4 18.Qd3 Nc5 19.Qf3 Ne4 20.Qd3 Nc5 21.Qc2 e5 22.fxe5 Bxe5
23.Qc3 Kh7 24.Rf1 Qg7 25.Qe3 Rce8 26.Rbd1 Bf6 27.Qf2 Ne4 28.Qf3 c5 29.e3 cxd4
30.Bxd4 Bxd4 31.Rxd4 Re6 32.Kh2 Rfe8 33.Qd1 Nf6 34.Bf3 Qe7 35.Re1 Rc8 36.Qd3 Bc6
37.Bxc6 Rxc6 38.b4 Ra6 39.a3 Ng4+ 40.Kg1 Rxe3 41.Rxe3 Qxe3+ 42.Qxe3 Nxe3
43.Kf2 Nc2 44.Rd5 Nxa3 45.c5 dxc5 46.bxc5 Kg7 47.h5 g5 48.Ke3 Kf6 49.Rd8 Ke5
50.Kd3 Rc6 51.Rh8 f4 52.gxf4+ Kxf4 53.Kd4 Nc2+ 54.Kd5 Nb4+ 55.Kc4 Na6 56.Kb5 Rxc5+
57.Kxa6 Rc6+ 58.Kxa7 Kg4 59.Kb7 Rf6 60.Kc7 Kxh5 61.Kd7 g4 62.Ke7 Ra6 63.Rb8 Kh4
64.Kf7 g3 65.Rb4+ Kh3 66.Rb5 Kh2 67.Rh5+ Kg1 68.Rh4 g2 69.Rf4 Ra2 70.Kg6 Rf2
71.Ra4 Kh2 72.Rh4+ Kg3 73.Rh5 g1=Q 74.Rxh6 Rh2 75.Kg5 Qc5+  0-1

[Event "62nd ch-GRE 2012"]
[Site "Athens GRE"]
[Date "2012.11.24"]
[Round "1"]
[White "Malikentzos,S"]
[Black "Pavlidis,Ant"]
[Result "0-1"]
[WhiteElo "2313"]
[BlackElo "2463"]

1.c4 f5 2.Nf3 Nf6 3.g3 g6 4.Bg2 Bg7 5.O-O O-O 6.d4 d6 7.Nc3 c6 8.d5 e5 9.dxe6 Bxe6
10.Qd3 Re8 11.Ng5 Na6 12.Nxe6 Rxe6 13.Rb1 Nc5 14.Qc2 a5 15.Bg5 Qf8 16.Bxf6 Qxf6
17.e3 Rae8 18.Ne2 Ne4 19.Nc3 Nc5 20.Ne2 Bh6 21.Nd4 Re5 22.Nb3 Ne4 23.Nd2 Nc5
24.Nb3 Na6 25.Qc3 a4 26.Nd4 Rxe3 27.fxe3 Bxe3+ 28.Kh1 Bxd4 29.Qd2 Nc5 30.b4 Ne4
31.Bxe4 Rxe4 32.Rbd1 Be5 33.Qc2 Qe6 34.Rc1 Bd4 35.Qxa4 Kg7 36.Qd1 Qe5 37.Rc2 Re3
38.Rg2 Qe4 39.Qb1 Qe6 40.b5 Qxc4 41.bxc6 bxc6 42.Re1 Rf3 43.h4 Be5 44.Qb7+ Kh6
45.Qe7 Qg4 46.Qf8+ Bg7 47.Qxd6 f4 48.Re4 c5 49.Rxf4 Qh3+ 50.Kg1 Rxg3 51.Qd5 Bd4+
52.Rxd4 cxd4 53.Rxg3 Qxg3+ 54.Kf1 Qxh4 55.a4 Qf4+ 56.Kg2 Qd2+ 57.Kg3 d3 58.Qh1+ Kg5
59.Qd5+ Kh6 60.Qh1+ Kg7 61.Qb7+ Kf6 62.Qc6+ Ke5 63.Qc5+ Ke4 64.Qc4+ Ke3 65.Qe6+ Kd4
66.Qd6+ Kc4 67.Qc6+ Kb3 68.Qb5+ Ka3 69.a5 Qe3+ 70.Kg2 d2 71.Qb1 Qe2+ 72.Kg3 Qe1+  0-1

[Event "TCh-NED Meesterklasse 2012-13"]
[Site "Netherland NED"]
[Date "2012.11.24"]
[Round "4.1"]
[White "Michiels,B"]
[Black "Van Oosterom,C"]
[Result "1-0"]
[WhiteElo "2506"]
[BlackElo "2384"]

1.d4 f5 2.g3 Nf6 3.Bg2 g6 4.Nf3 Bg7 5.c4 O-O 6.O-O d6 7.Nc3 Qe8 8.Re1 e5
9.dxe5 dxe5 10.e4 Nc6 11.Nd5 fxe4 12.Ng5 Nxd5 13.Qxd5+ Kh8 14.Qxe4 Bf5 15.Qh4 h5
16.Be3 Nb4 17.Bxb7 Nc2 18.Bxa8 Qxa8 19.h3 Bf6 20.g4 Nxe3 21.fxe3 Qd8 22.gxf5 Bxg5
23.Qe4 Qf6 24.Kh1 gxf5 25.Qf3 Rf7 26.Qxh5+ Rh7 27.Qe8+ Kg7 28.Rad1 Rxh3+
29.Kg2 Rh4 30.Rh1 Rxh1 31.Qd7+ Kg6 32.Qe8+ Kg7 33.Qd7+ Kg6 34.Rxh1 Bh6 35.Qe8+ Kg7
36.Kf1 Bxe3 37.Qd7+ Kf8 38.Rh7 Kg8 39.Re7 Bh6 40.Qd5+  1-0

[Event "Doroshkevicha Mem Open 2012"]
[Site "Sochi RUS"]
[Date "2012.11.26"]
[Round "1"]
[White "Bogachkov,V"]
[Black "Malaniuk,V"]
[Result "0-1"]
[WhiteElo "2082"]
[BlackElo "2514"]

1.d4 f5 2.Nf3 Nf6 3.c4 g6 4.g3 Bg7 5.Bg2 O-O 6.O-O d6 7.Nc3 Qe8 8.Re1 Qf7
9.Qd3 Nc6 10.Ng5 Nb4 11.Nxf7 Nxd3 12.Nh6+ Bxh6 13.Bxh6 Nxe1 14.Bxf8 Kxf8
15.Rxe1 c6 16.e4 fxe4 17.Nxe4 Bd7 18.Re3 Rc8 19.h4 Rc7 20.Nxf6 exf6 21.Ra3 a6
22.b4 Be6 23.Rc3 g5 24.a3 h6 25.Be4 gxh4 26.Rf3 hxg3 27.Rxf6+ Ke7 28.Rxh6 gxf2+
29.Kxf2 Bxc4 30.Ke3 Bf7 31.Bf5 b5 32.Bg6 Bxg6 33.Rxg6 Rc8 34.Ke4 Rh8 35.Rg7+ Kf6
36.Rc7 Rh4+ 37.Kd3 Rh3+ 38.Ke4 Rc3 39.Ra7  0-1

[Event "XI Mario Covas Jr"]
[Site "Santos BRA"]
[Date "2012.12.13"]
[Round "5.4"]
[White "Milos,G"]
[Black "Rodriguez Vila,A"]
[Result "1/2-1/2"]
[WhiteElo "2586"]
[BlackElo "2549"]

1.Nf3 f5 2.g3 Nf6 3.Bg2 g6 4.O-O Bg7 5.d4 O-O 6.c4 d6 7.Nc3 c6 8.Qb3 Na6
9.Rd1 Kh8 10.Qa3 Nc7 11.b4 Be6 12.c5 h6 13.Rb1 a6 14.Qb2 g5 15.h4 g4 16.Ne1 Nh5
17.Nd3 Bc4 18.Nf4 Nxf4 19.Bxf4 Ne6 20.e3 Nxf4 21.exf4 e6 22.Na4 Bd5 23.Nb6 Rb8
24.Qc2 Rf7 25.a4 Qf8 26.b5 axb5 27.axb5 Rd8 28.bxc6  1/2-1/2

[Event "III ITT JAHV McGREGOR"]
[Site "Bogota COL"]
[Date "2012.12.15"]
[Round "7.15"]
[White "Ramirez,Ca COL"]
[Black "Crespo Hidalgo,C"]
[Result "0-1"]
[WhiteElo "2310"]
[BlackElo "2113"]

1.d4 f5 2.Nf3 g6 3.g3 Nf6 4.Bg2 Bg7 5.O-O O-O 6.c4 d6 7.Nc3 c6 8.Qb3 h6 9.Rd1 Kh7
10.d5 c5 11.Qc2 Na6 12.e4 Nb4 13.Qb1 fxe4 14.Nh4 Bf5 15.Nxe4 Qd7 16.a3 Na6
17.Re1 Ng4 18.Nxf5 Qxf5 19.f4 Bd4+ 20.Kh1 Rae8 21.h3 Nf6 22.Kh2 Qh5 23.Qd3 Ng4+
24.Kh1 e5 25.Qf3 Nf2+ 26.Kh2 Qxf3 27.Bxf3 Nd3 28.Rf1 exf4 29.Nxd6 fxg3+ 30.Kg2 Ne1+
31.Kh1 Rxf3  0-1

[Event "TCh-NED Meesterklasse 2012-13"]
[Site "Netherland NED"]
[Date "2012.12.15"]
[Round "5.7"]
[White "Haast,M"]
[Black "Klein,Da"]
[Result "1-0"]
[WhiteElo "2278"]
[BlackElo "2447"]

1.Nf3 g6 2.c4 Bg7 3.g3 f5 4.Bg2 Nf6 5.O-O O-O 6.d4 d6 7.Nc3 c6 8.b4 e5 9.b5 e4
10.Nd2 Be6 11.Qb3 Nbd7 12.Ba3 c5 13.e3 Ng4 14.Ne2 Qa5 15.Rfd1 a6 16.bxa6 bxa6
17.Bb2 Rab8 18.Qc2 Bf7 19.h3 cxd4 20.exd4 Ngf6 21.Qc3 Qc7 22.Ba3 g5 23.g4 fxg4
24.hxg4 Nb6 25.Qg3 Rbd8 26.c5 Nbd5 27.Nxe4 Nxe4 28.Bxe4 Qe7 29.Bd3 Rfe8 30.cxd6 Qd7
31.Qf3 Rxe2 32.Bxe2 Nf4 33.Bf1 Bd5 34.Qg3 Qa4 35.Bc5 Bf8 36.Re1 Bxd6 37.Bxd6 Rxd6
38.Re5 h6 39.Qe3 Qd7 40.f3 Rf6 41.Rc1 Bf7 42.Re7 Qd6 43.Qe5 Ng6 44.Rc8+ Kg7
45.Rxf7+ Kxf7 46.Qe8+  1-0